Seul - quiz wielokrotnego wyboru - Statystyki

Ogólne statystyki
  • Ten quiz został rozwiązany 563 razy
  • Średni wynik to 6 z 10
Statystyki odpowiedzi
Zagadnienie Odpowiedź % Poprawnych
Która dzielnica Seulu została wymieniona w pierwszej piosence, która osiągnęła 1 miliard wyświetleń na YouTube? Gangnam
91%
Która z poniższych firm NIE ma siedziby w Seulu? Sony
73%
Który nagrodzony Oscarem film ukazywał różnice między bogatymi i biednymi w Seulu? Parasite
69%
Który amerykański generał wylądował w Incheon w 1950 roku i wkrótce potem wyzwolił Seul? Douglas MacArthur
67%
Gdzie w Korei Południowej znajduje się Seul?
63%
Kiedy Seul był gospodarzem Letnich Igrzysk Olimpijskich? 1988
63%
Aby utrzymać stabilność populacji, kraj potrzebuje współczynnika dzietności wynoszącego około 2,1. Jaki jest współczynnik dzietności w Seulu? 0.58
55%
Czym jest Lotte World? największym na świecie krytym parkiem rozrywki
52%
Która dynastia ustanowiła Seul (wówczas Hanyang) stolicą w 1394 roku? Joseon
45%
Jaki procent populacji Korei Południowej mieszka w obszarze metropolitalnym Seulu? 50
38%
Nie znaleziono quizów pasujących do podanych kryteriów
Rozkład punktacji
Procent ludzi z każdym wynikiem
Percentyl według liczby udzielonych odpowiedzi
Twoja historia wyników
Nie rozwiązałeś tego quizu